000 00768nam a22002291 4500
001 sa 68019464
003 DLC
005 20260227112717.0
008 811110s1967 io b 00010 eng
010 _asa 68019464 //r81
025 _aPL480:Indo-7586
043 _aa-io---
050 0 _aUA853.I5
_bA54 1967a
082 0 _a322/.5/09598
_219
110 1 0 _aIndonesia.
_bDepartemen Penerangan.
245 1 0 _aParticipation in state affairs of the Armed Forces of the Republic of Indonesia is not militarism.
260 0 _a[Djakarta]
_bDept. of Information, Republic of Indonesia
_c[1967]
300 _a20 p.
_c18 cm.
500 _a"Special issue, 025/67."
504 _aIncludes bibliographical references.
651 0 _aIndonesia
_xArmed Forces
_xPolitical activity.
999 _c88896
_d88896